| 000 | 01230nam a22003137a 4500 | ||
|---|---|---|---|
| 999 |
_c23422 _d23422 |
||
| 003 | AR-CdUCM | ||
| 008 | 251219b2023 pe ||||| |||| 00| 0 spa d | ||
| 040 |
_aMUNICIPALIDAD PROVINCIAL DEL CUSCO _cBIBLIOTECA MUNICIPAL DEL CUSCO |
||
| 041 | _hspa | ||
| 082 |
_a985.019 / _bR63 |
||
| 100 |
_a Ríos Zamalloa, Jorge. _92949 |
||
| 245 |
_aPukaras Andinas / _bFortalezas Inkas. |
||
| 260 |
_aCusco : _bPirwa . _c2024 |
||
| 300 |
_a70 páginas. : _c19 x 14 cm. |
||
| 505 | _a Programa de Consolidación del Imperio Inka -- La Cadena Pukaras con dirección al Antisuyo -- Sqsaywuaman -- Ollantaytampu -- Machpikchu -- Chokhek´arau -- Willka Pampa -- La Pukara de Chincheros... | ||
| 650 |
_aMisión del Imperio Inka _951777 |
||
| 650 |
_aQuienes fueron los Ch´ankas _951778 |
||
| 650 |
_aComplejo Militar _951779 |
||
| 650 |
_aEstructura de P'ukara _951780 |
||
| 650 |
_aUbicación y Estructura Geológica _951781 |
||
| 650 |
_aBase Militar _951782 |
||
| 650 |
_aConjunto Religioso _951783 |
||
| 650 |
_aResidencia de los Oficiales _951784 |
||
| 650 |
_aSistema de trabajo _951785 |
||
| 650 |
_aPresencia Histórica _951786 |
||
| 650 |
_aUbicación Política _951787 |
||
| 942 |
_2ddc _cLIBROS |
||
| 945 |
_ajmcs _d19/12/2025 |
||